[Event "World-chT Rapid"]
[Site "Dusseldorf"]
[Date "2023.08.26"]
[Round "2.12"]
[White "Peng, Xiang Tobias"]
[Black "Niering, Martin"]
[Result "1-0"]
[WhiteElo "2119"]
[BlackElo "2156"]
[PlyCount "81"]
[EventDate "2023.08.26"]
[EventType "team-swiss (rapid)"]
[EventRounds "12"]
[EventCountry "GER"]
[SourceTitle "CBM 215 Extra"]
[Source "ChessBase"]
[SourceDate "2023.09.30"]
[SourceVersion "1"]
[SourceVersionDate "2023.09.30"]
[SourceQuality "1"]
[WhiteTeam "Heilbronn Hustlers"]
[BlackTeam "Magdeburg and Friends"]
[WhiteTeamCountry "GER"]
[BlackTeamCountry "GER"]

1. e4 d6 2. Nc3 Nf6 3. d4 e5 4. Nf3 Nbd7 5. Bg5 Be7 6. Bh4 0-0 7. Bc4 c6 8. 0-0 b5 9. Bd3 b4 10. Ne2 exd4 11. Nexd4 Nb8 12. e5 dxe5 13. Nxe5 Qb6 14. Nc4 Qc5 15. Nb3 Qd5 16. Re1 Bg4 17. f3 Be6 18. Ne5 Nbd7 19. Nxd7 Qxd7 20. Be4 Qc7 21. Bg3 Qb6+ 22. Bf2 Qc7 23. Nd4 Bd5 24. Bxd5 Nxd5 25. Qd3 Bf6 26. Qc4 Rac8 27. Rad1 a5 28. a3 Qb7 29. Nf5 Rfd8 30. axb4 Qxb4 31. Qxb4 Nxb4 32. Bb6 Rd5 33. Rxd5 Nxd5 34. Bxa5 Bxb2 35. c4 g6 36. cxd5 gxf5 37. d6 Bd4+ 38. Kf1 Bf6 39. d7 Rf8 40. Re8 Kg7 41. Bc3 1-0

[Event "GER Cup Net Final-A U2400"]
[Site "Playchess.com INT"]
[Date "2020.06.06"]
[Round "1"]
[White "Muse, Drazen"]
[Black "Peng, Xiang Tobias"]
[Result "0-1"]
[WhiteElo "2186"]
[BlackElo "2047"]
[PlyCount "54"]
[EventDate "2020.06.06"]
[EventType "swiss (blitz)"]
[EventRounds "13"]
[EventCountry "GER"]
[SourceTitle "CBM 197 Extra"]
[Source "ChessBase"]
[SourceDate "2020.09.30"]
[SourceVersion "1"]
[SourceVersionDate "2020.09.30"]
[SourceQuality "1"]

1. Nf3 Nf6 2. d4 d5 3. c4 e6 4. Nc3 Be7 5. Bg5 0-0 6. e3 c6 7. Qc2 h6 8. h4 Nbd7 9. 0-0-0 Bb4 10. cxd5 cxd5 11. Bd3 Bxc3 12. bxc3 Qa5 13. Bxf6 Nxf6 14. Kd2 Bd7 15. Rb1 Ba4 16. Qb2 Ne4+ 17. Bxe4 dxe4 18. Ne5 Rad8 19. Nc4 Qa6 20. Ne5 f6 21. Ng6 Rf7 22. Rhc1 e5 23. Ke1 h5 24. Qb4 Kh7 25. Ne7 Bd7 26. Nd5 Bg4 27. c4 Rxd5 0-1

[Event "GER Cup Net Final-A U2400"]
[Site "Playchess.com INT"]
[Date "2020.06.06"]
[Round "4"]
[White "Peng, Xiang Tobias"]
[Black "Koellner, Ruben Gideon"]
[Result "1-0"]
[WhiteElo "2047"]
[BlackElo "2044"]
[PlyCount "39"]
[EventDate "2020.06.06"]
[EventType "swiss (blitz)"]
[EventRounds "13"]
[EventCountry "GER"]
[SourceTitle "CBM 197 Extra"]
[Source "ChessBase"]
[SourceDate "2020.09.30"]
[SourceVersion "1"]
[SourceVersionDate "2020.09.30"]
[SourceQuality "1"]

1. e4 d6 2. f4 e5 3. Nf3 exf4 4. Bc4 Be6 5. Qe2 Bxc4 6. Qxc4 Nc6 7. d4 Qe7 8. 0-0 0-0-0 9. Nc3 g5 10. Nd5 Qxe4 11. Nxg5 Qg6 12. Nxf7 Bg7 13. Nxd8 Bxd4+ 14. Kh1 Kxd8 15. Nxf4 Qg4 16. Ne6+ Kd7 17. Rf7+ Nge7 18. Nxd4 Nxd4 19. Be3 Ne6 20. Qxg4 1-0

[Event "GER Cup Net V4 U2400"]
[Site "Playchess.com INT"]
[Date "2020.05.31"]
[Round "9"]
[White "Beesk, Kevin"]
[Black "Peng, Xiang Tobias"]
[Result "1-0"]
[WhiteElo "1933"]
[BlackElo "2070"]
[PlyCount "173"]
[EventDate "2020.05.31"]
[EventType "swiss (blitz)"]
[EventRounds "9"]
[EventCountry "GER"]
[SourceTitle "EXT 2021"]
[Source "ChessBase"]
[SourceDate "2020.10.23"]
[SourceVersion "1"]
[SourceVersionDate "2020.10.23"]
[SourceQuality "1"]

1. Nc3 e5 2. Nf3 Nc6 3. d4 exd4 4. Nxd4 Nf6 5. Bg5 Be7 6. Nf5 0-0 7. Nxe7+ Qxe7 8. Nd5 Qe5 9. Bxf6 gxf6 10. c3 d6 11. Nxc7 Rb8 12. Nd5 Be6 13. Ne3 f5 14. g3 d5 15. Bg2 Rbd8 16. 0-0 f4 17. Nc2 fxg3 18. hxg3 Bg4 19. Nd4 Nxd4 20. Qxd4 Qxd4 21. cxd4 Bxe2 22. Rfe1 Ba6 23. Re5 Rfe8 24. Rae1 Rxe5 25. Rxe5 Bc4 26. b3 Bd3 27. Rxd5 Rxd5 28. Bxd5 b6 29. f4 Kf8 30. Kf2 Ke7 31. Ke3 Bb1 32. a3 f5 33. b4 h6 34. Bc4 Kf6 35. d5 Be4 36. Kd4 Bf3 37. d6 Bc6 38. Bd5 Bb5 39. Bc4 Bd7 40. b5 Be8 41. a4 Bd7 42. Bg8 Bc8 43. Bd5 h5 44. Kd3 Bd7 45. Kc3 Be6 46. Kd4 Bd7 47. Bf3 Be8 48. Bc6 Bg6 49. d7 Ke7 50. Ke5 Bh7 51. d8Q+ Kxd8 52. Kf6 Kc7 53. Bd5 a6 54. Kg7 axb5 55. axb5 Kd6 56. Bf7 Kc5 57. Be8 Kd4 58. Kxh7 Ke3 59. Kg6 Kf3 60. Kxh5 Kxg3 61. Kg5 Kf3 62. Kxf5 Ke3 63. Ke5 Kd3 64. f5 Kc4 65. f6 Kc5 66. f7 Kb4 67. f8Q+ Ka5 68. Qf7 Kb4 69. Bc6 Ka5 70. Kd4 Kb4 71. Qc4+ Ka5 72. Qc3+ Ka4 73. Qa1+ Kb4 74. Be8 Kb3 75. Bf7+ Kb4 76. Qb2+ Ka4 77. Qb3+ Ka5 78. Qa3+ Kxb5 79. Bc4+ Kc6 80. Qa4+ Kc7 81. Qb5 Kb7 82. Bd5+ Ka7 83. Ke5 Kb8 84. Qxb6+ Kc8 85. Qb7+ Kd8 86. Kd6 Ke8 87. Qe7# 1-0

[Event "GER Cup Net V3 U2400"]
[Site "Playchess.com INT"]
[Date "2020.05.27"]
[Round "3"]
[White "Peng, Xiang Tobias"]
[Black "Dahl, Christoph"]
[Result "0-1"]
[WhiteElo "2069"]
[BlackElo "2149"]
[PlyCount "56"]
[EventDate "2020.05.27"]
[EventType "swiss (blitz)"]
[EventRounds "9"]
[EventCountry "GER"]
[SourceTitle "EXT 2021"]
[Source "ChessBase"]
[SourceDate "2020.10.23"]
[SourceVersion "1"]
[SourceVersionDate "2020.10.23"]
[SourceQuality "1"]

1. e4 c5 2. Nf3 d6 3. d4 cxd4 4. Nxd4 Nf6 5. Nc3 a6 6. Be3 e6 7. g4 e5 8. Nf5 g6 9. g5 gxf5 10. exf5 d5 11. Qf3 Ne4 12. 0-0-0 Nxc3 13. bxc3 Ba3+ 14. Kb1 d4 15. Bc1 Bxc1 16. Rxc1 Qb6+ 17. Ka1 Qc6 18. Qe2 Qxc3+ 19. Kb1 Nc6 20. Bg2 0-0 21. g6 fxg6 22. fxg6 Be6 23. gxh7+ Kh8 24. Bxc6 d3 25. cxd3 Qb4+ 26. Qb2 Qxb2+ 27. Kxb2 bxc6 28. Rxc6 Bd5 0-1

[Event "GER-ch Net Amateur Gr-A Final"]
[Site "Playchess.com INT"]
[Date "2020.04.18"]
[Round "7"]
[White "Henning, Marvin"]
[Black "Peng, Xiang Tobias"]
[Result "1-0"]
[WhiteElo "2227"]
[BlackElo "2061"]
[PlyCount "53"]
[EventDate "2020.04.18"]
[EventType "swiss (blitz)"]
[EventRounds "13"]
[EventCountry "GER"]
[SourceTitle "CBM 195 Extra"]
[Source "ChessBase"]
[SourceDate "2020.05.31"]
[SourceVersion "1"]
[SourceVersionDate "2020.05.31"]
[SourceQuality "1"]

1. e4 e5 2. Nf3 Nc6 3. Bb5 Nf6 4. 0-0 Nxe4 5. d4 Nd6 6. dxe5 Nxb5 7. a4 Nd6 8. Bg5 Be7 9. exd6 Bxg5 10. Re1+ Kf8 11. dxc7 Qf6 12. Nc3 d5 13. Nxd5 Qh6 14. Qd3 Be6 15. Qa3+ Kg8 16. Qd6 g6 17. Rxe6 fxe6 18. Qxe6+ Kf8 19. c8Q+ Rxc8 20. Qxc8+ Kg7 21. Qxb7+ Kf8 22. Qxc6 Rg8 23. Re1 Kg7 24. Qc3+ Kf8 25. Ne5 Ke8 26. Qc8+ Bd8 27. Qd7+ 1-0

[Event "GER-ch Net Amateur Gr-A Final"]
[Site "Playchess.com INT"]
[Date "2020.04.18"]
[Round "10"]
[White "Peng, Xiang Tobias"]
[Black "Namyslo, Holger"]
[Result "1-0"]
[WhiteElo "2061"]
[BlackElo "2007"]
[PlyCount "95"]
[EventDate "2020.04.18"]
[EventType "swiss (blitz)"]
[EventRounds "13"]
[EventCountry "GER"]
[SourceTitle "CBM 195 Extra"]
[Source "ChessBase"]
[SourceDate "2020.05.31"]
[SourceVersion "1"]
[SourceVersionDate "2020.05.31"]
[SourceQuality "1"]

1. e4 e6 2. d4 d5 3. exd5 exd5 4. Bd3 c5 5. Nf3 Nf6 6. 0-0 Be7 7. dxc5 Bxc5 8. Re1+ Be6 9. Ng5 0-0 10. Rxe6 fxe6 11. Nxe6 Bxf2+ 12. Kh1 Qb6 13. Nxf8 Kxf8 14. Nc3 Nc6 15. Bg5 Nb4 16. Qf3 Nxd3 17. cxd3 Qxb2 18. Rf1 Qxc3 19. Rxf2 Kg8 20. Bxf6 gxf6 21. Qxd5+ Kh8 22. Qf3 Rd8 23. h3 Rxd3 24. Qxf6+ Qxf6 25. Rxf6 Kg7 26. Rf2 b5 27. Rc2 a5 28. Rc5 Ra3 29. Rxb5 Rxa2 30. Kh2 a4 31. Kg3 a3 32. Ra5 Ra1 33. h4 Kg6 34. Kg4 Rg1 35. g3 h5+ 36. Kf4 Ra1 37. Ra6+ Kf7 38. Kg5 a2 39. Kxh5 Rg1 40. Rxa2 Rxg3 41. Ra7+ Kg8 42. Kh6 Rg4 43. h5 Rg1 44. Ra6 Rg2 45. Rd6 Kh8 46. Rg6 Rxg6+ 47. hxg6 Kg8 48. g7 1-0

[Event "GER-ch Net Amateur Gr-A Vor3"]
[Site "Playchess.com INT"]
[Date "2020.04.16"]
[Round "1"]
[White "Peng, Xiang Tobias"]
[Black "Bardorz, Jana"]
[Result "1-0"]
[WhiteElo "2058"]
[BlackElo "1764"]
[PlyCount "85"]
[EventDate "2020.04.16"]
[EventType "swiss (blitz)"]
[EventRounds "9"]
[EventCountry "GER"]
[SourceTitle "CBM 195 Extra"]
[Source "ChessBase"]
[SourceDate "2020.05.31"]
[SourceVersion "1"]
[SourceVersionDate "2020.05.31"]
[SourceQuality "1"]

1. e4 e5 2. Nf3 Nc6 3. Bc4 Nf6 4. Ng5 d5 5. exd5 Na5 6. Bb5+ c6 7. dxc6 bxc6 8. Qf3 h6 9. Ne4 Nd5 10. Ba4 Be7 11. Nbc3 Bd7 12. Nxd5 cxd5 13. Bxd7+ Qxd7 14. Ng3 0-0 15. d3 Nc6 16. c3 f5 17. 0-0 e4 18. dxe4 dxe4 19. Qe2 f4 20. Nxe4 f3 21. Qc4+ Kh8 22. Ng3 fxg2 23. Kxg2 Ne5 24. Qe4 Rae8 25. Qxe5 Bd6 26. Qd4 Qc6+ 27. Kg1 Bxg3 28. hxg3 Re4 29. Qd3 Re5 30. Bf4 Rh5 31. f3 Qb6+ 32. Qe3 Qc6 33. Rad1 Qg6 34. Rd6 Qf7 35. Qd4 Qf5 36. Rxh6+ Rxh6 37. Bxh6 Qg6 38. Qxg7+ Qxg7 39. Bxg7+ Kxg7 40. f4 Kg6 41. Rd1 Kf5 42. Kf2 Kg4 43. Rd5 1-0

[Event "GER-ch Net Amateur Gr-A Vor2"]
[Site "Playchess.com INT"]
[Date "2020.04.15"]
[Round "7"]
[White "Peng, Xiang Tobias"]
[Black "Vatter, Hans Joachim"]
[Result "1-0"]
[WhiteElo "2008"]
[BlackElo "2217"]
[PlyCount "87"]
[EventDate "2020.04.15"]
[EventType "swiss (blitz)"]
[EventRounds "9"]
[EventCountry "GER"]
[SourceTitle "CBM 196 Extra"]
[Source "ChessBase"]
[SourceDate "2020.07.31"]
[SourceVersion "1"]
[SourceVersionDate "2020.07.31"]
[SourceQuality "1"]

1. e4 c5 2. Nf3 Nc6 3. d4 cxd4 4. Nxd4 g6 5. Nc3 Bg7 6. Be3 Nf6 7. Bc4 0-0 8. Qd2 Ng4 9. Nxc6 bxc6 10. Bg5 d6 11. Bb3 Qc7 12. h3 Ne5 13. f4 Nd7 14. 0-0 Nc5 15. f5 Bxc3 16. bxc3 Nxe4 17. Qf4 Nxg5 18. Qxg5 d5 19. fxg6 hxg6 20. h4 Kg7 21. h5 Qd6 22. Rae1 Be6 23. Re3 Rh8 24. hxg6 fxg6 25. Qe5+ Qxe5 26. Rxe5 Bf5 27. Rxe7+ Kf6 28. Rc7 Kg5 29. Rxc6 Rae8 30. Bxd5 Re2 31. Rc5 Rd8 32. Bf3 Rxc2 33. Be4 Rxa2 34. Bxf5 gxf5 35. Rcxf5+ Kg4 36. Kh2 Rh8+ 37. Kg1 Re8 38. Rf7 Ree2 39. Rg7+ Kh5 40. Rf3 Re1+ 41. Kh2 Re4 42. Rh3+ Rh4 43. Rh7+ Kg5 44. R7xh4 1-0

[Event "GER-ch Net Amateur Gr-A Vor2"]
[Site "Playchess.com INT"]
[Date "2020.04.15"]
[Round "2"]
[White "Stangl, Anita"]
[Black "Peng, Xiang Tobias"]
[Result "0-1"]
[WhiteElo "1853"]
[BlackElo "2008"]
[PlyCount "36"]
[EventDate "2020.04.15"]
[EventType "swiss (blitz)"]
[EventRounds "9"]
[EventCountry "GER"]
[SourceTitle "CBM 196 Extra"]
[Source "ChessBase"]
[SourceDate "2020.07.31"]
[SourceVersion "1"]
[SourceVersionDate "2020.07.31"]
[SourceQuality "1"]

1. e4 e5 2. Nf3 Nc6 3. Bc4 Bc5 4. 0-0 Nf6 5. Nc3 d6 6. h3 a6 7. a3 0-0 8. b4 Ba7 9. d3 Kh8 10. Bb2 Nh5 11. Nd5 f5 12. Nxe5 Nxe5 13. Qxh5 Nxc4 14. dxc4 fxe4 15. Qg4 Bxg4 16. hxg4 c6 17. Nc3 Qh4 18. Rad1 Bxf2+ 0-1

[Event "GER-chT U20"]
[Site "Borken"]
[Date "2016.12.28"]
[Round "3.1"]
[White "Peng, Xiang Tobias"]
[Black "Stricker, Florian"]
[Result "1-0"]
[WhiteElo "2126"]
[BlackElo "1994"]
[PlyCount "71"]
[EventDate "2016.12.27"]
[EventType "team-swiss"]
[EventRounds "7"]
[EventCountry "GER"]
[SourceTitle "EXT 2018"]
[Source "ChessBase"]
[SourceDate "2017.10.13"]
[SourceVersion "1"]
[SourceVersionDate "2017.10.13"]
[SourceQuality "1"]
[WhiteTeam "Heilbronn"]
[BlackTeam "Bochum"]
[WhiteTeamCountry "GER"]
[BlackTeamCountry "GER"]

1. e4 e6 2. d4 d5 3. exd5 exd5 4. Bd3 Nf6 5. Nf3 Be7 6. Bf4 0-0 7. 0-0 Nbd7 8. Re1 Re8 9. Nc3 c6 10. Ne2 Nf8 11. Ng3 Ng6 12. Bg5 Nd7 13. Qd2 f6 14. Bf4 Ndf8 15. h4 Nxf4 16. Qxf4 Ng6 17. Qe3 Bd7 18. Bxg6 hxg6 19. Qd3 Bb4 20. c3 Bf8 21. Qxg6 Rxe1+ 22. Rxe1 Be8 23. Qg4 Qc8 24. Qf4 Qb8 25. Qd2 Bd7 26. Qd3 Qc8 27. h5 Be8 28. Nh2 Bf7 29. Qf3 Qd7 30. h6 Re8 31. Rxe8 Qxe8 32. Ng4 Qe1+ 33. Kh2 Qb1 34. Nf5 Be6 35. hxg7 Bxg7 36. Nge3 1-0